[Event "SD-2013-0-00160"]
[Site "LSS email"]
[Date "2013.02.25"]
[Round "?"]
[White "Cusu, Larth"]
[Black "Laczay, Istvan"]
[Result "1/2-1/2"]
[WhiteElo "1707"]
[BlackElo "1630"]
[PlyCount "55"]
[EventDate "2013.01.13"]
[EventType "tourn (corr)"]
[EventRounds "6"]
[EventCountry "GER"]
[SourceTitle "Corr 2022"]
[Source "ChessBase"]
[SourceDate "2021.10.24"]
[SourceVersion "1"]
[SourceVersionDate "2021.10.24"]
[SourceQuality "1"]

1. e4 c5 2. Nc3 Nc6 3. g3 g6 4. Bg2 Bg7 5. d3 Nf6 6. Nge2 Rb8 7. 0-0 0-0 8. h3 b5 9. a3 d6 10. Be3 e5 11. f4 Nd4 12. fxe5 dxe5 13. b4 Be6 14. bxc5 Nd7 15. c6 Nxc6 16. Nd5 Nb6 17. Nxb6 axb6 18. Rb1 Qd7 19. Rxb5 Nd4 20. Rb4 Bxh3 21. Nxd4 Bxg2 22. Kxg2 exd4 23. Bf4 Rb7 24. Qb1 Rc8 25. Rb5 Rc5 26. Rxc5 bxc5 27. Qa2 h6 28. Qc4 1/2-1/2

[Event "SD-2013-0-00160"]
[Site "LSS email"]
[Date "2013.02.21"]
[Round "?"]
[White "Gorra, Gorban Grigorii"]
[Black "Cusu, Larth"]
[Result "1-0"]
[WhiteElo "1200"]
[BlackElo "1707"]
[PlyCount "81"]
[EventDate "2013.01.13"]
[EventType "tourn (corr)"]
[EventRounds "6"]
[EventCountry "GER"]
[SourceTitle "Corr 2022"]
[Source "ChessBase"]
[SourceDate "2021.10.24"]
[SourceVersion "1"]
[SourceVersionDate "2021.10.24"]
[SourceQuality "1"]

1. e4 e5 2. Nf3 Nc6 3. Bb5 a6 4. Ba4 Nf6 5. 0-0 Be7 6. Re1 b5 7. Bb3 d6 8. c3 0-0 9. h3 h6 10. d4 Re8 11. Nbd2 Bf8 12. Nf1 Bb7 13. Ng3 Qd7 14. dxe5 Nxe5 15. Nxe5 Rxe5 16. Bf4 Ree8 17. Qf3 Be7 18. Bxh6 gxh6 19. Qf4 Kh8 20. Qxh6+ Nh7 21. Bxf7 Bg5 22. Bxe8 Rxe8 23. Qh5 Re5 24. Qd1 Nf6 25. a4 Bh4 26. axb5 axb5 27. Qd3 Bc6 28. Ra6 Bb7 29. Ra7 Bc6 30. Re3 Bg5 31. Re2 b4 32. Re1 Bb5 33. Qf3 bxc3 34. Qxc3 Rc5 35. Qf3 Qe6 36. Ra8+ Kh7 37. b4 Rc4 38. Nh5 Ne8 39. Qg3 Qg6 40. Nf4 Qh6 41. Nd5 1-0

[Event "OP-2012-0-02395"]
[Site "LSS email"]
[Date "2012.09.10"]
[Round "?"]
[White "Cusu, Larth"]
[Black "Pilgram, Kurt"]
[Result "1-0"]
[WhiteElo "1398"]
[BlackElo "1731"]
[PlyCount "73"]
[EventDate "2012.09.05"]
[EventType "tourn (corr)"]
[EventRounds "4"]
[EventCountry "GER"]
[SourceTitle "Telechess CBM 163"]
[Source "ChessBase"]
[SourceDate "2014.11.11"]
[SourceVersion "2"]
[SourceVersionDate "2014.11.11"]
[SourceQuality "1"]

1. e4 c6 2. d4 d5 3. Nc3 dxe4 4. Nxe4 Nf6 5. Nxf6+ gxf6 6. c3 Nd7 7. Nf3 Nb6 8. g3 Bg4 9. Bg2 Qd7 10. h3 Bf5 11. Qe2 0-0-0 12. Nh4 Be6 13. b3 Bd5 14. 0-0 Bxg2 15. Kxg2 e6 16. c4 Kb8 17. Qf3 Be7 18. Bf4+ Ka8 19. Qh5 Ba3 20. Nf3 Nc8 21. Rad1 Qe7 22. Rfe1 h6 23. d5 cxd5 24. Rxd5 Rxd5 25. cxd5 Nb6 26. dxe6 fxe6 27. Bxh6 Bb4 28. Re4 e5 29. Qg6 Nd5 30. h4 Bd6 31. Bd2 Qf8 32. Qf5 Ne7 33. Qd7 Nc6 34. Rc4 Nb8 35. Qf5 Nc6 36. h5 Qf7 37. h6 1-0

[Event "OP-2012-0-02395"]
[Site "LSS email"]
[Date "2012.09.10"]
[Round "?"]
[White "O'Brien, Glenn"]
[Black "Cusu, Larth"]
[Result "0-1"]
[WhiteElo "1326"]
[BlackElo "1398"]
[PlyCount "130"]
[EventDate "2012.09.05"]
[EventType "tourn (corr)"]
[EventRounds "4"]
[EventCountry "GER"]
[SourceTitle "Telechess CBM 163"]
[Source "ChessBase"]
[SourceDate "2014.11.11"]
[SourceVersion "2"]
[SourceVersionDate "2014.11.11"]
[SourceQuality "1"]

1. e4 e5 2. Nf3 Nc6 3. Bb5 a6 4. Ba4 Nf6 5. 0-0 Nxe4 6. d4 b5 7. Bb3 d5 8. dxe5 Be6 9. Nbd2 Nc5 10. c3 Be7 11. Bc2 Bg4 12. Re1 Qd7 13. Nf1 0-0 14. Ne3 Bxf3 15. Qxf3 Nxe5 16. Qxd5 Qxd5 17. Nxd5 Bd6 18. Bf4 Rfe8 19. Rad1 Ncd3 20. Rxd3 Nxd3 21. Rxe8+ Rxe8 22. Bxd3 Re1+ 23. Bf1 Bxf4 24. Nxf4 Ra1 25. a3 c5 26. Nd5 c4 27. Nc7 Rb1 28. f4 Rxb2 29. Nxa6 Rc2 30. Nc7 Rxc3 31. Nxb5 Rc1 32. Nd4 c3 33. a4 c2 34. Nxc2 Rxc2 35. a5 Kf8 36. a6 Ke7 37. Bb5 Kd6 38. Kf1 Kc5 39. Be2 Ra2 40. Kf2 f5 41. Ke3 Ra3+ 42. Bd3 g6 43. h3 h5 44. g3 Kd5 45. h4 Kc5 46. Kd2 Kd4 47. Bb5 Rxg3 48. Kc1 Rb3 49. Bf1 Kc3 50. Kd1 Rb2 51. Ke1 Kd4 52. Kd1 Kc5 53. Be2 Rb4 54. a7 Ra4 55. Ke1 Rxa7 56. Kf2 Kd4 57. Kg3 Ke3 58. Bb5 Re7 59. Bc6 Re4 60. Kh3 Rxf4 61. Kg2 Rxh4 62. Bb7 Rb4 63. Bc6 f4 64. Ba8 Rb2+ 65. Kh3 f3 0-1

[Event "OP-2012-0-02369"]
[Site "LSS email"]
[Date "2012.08.22"]
[Round "?"]
[White "Lewis, Jerome A"]
[Black "Cusu, Larth"]
[Result "0-1"]
[WhiteElo "1077"]
[BlackElo "1357"]
[PlyCount "62"]
[EventDate "2012.08.18"]
[EventType "tourn (corr)"]
[EventRounds "4"]
[EventCountry "GER"]
[SourceTitle "Telechess CBM 165"]
[Source "ChessBase"]
[SourceDate "2015.03.11"]
[SourceVersion "1"]
[SourceVersionDate "2015.03.11"]
[SourceQuality "1"]

1. d4 Nf6 2. c4 g6 3. Nc3 d5 4. Bg5 Ne4 5. Nxe4 dxe4 6. e3 Bg7 7. Ne2 c5 8. Qd2 h6 9. Bh4 g5 10. Bg3 cxd4 11. Nxd4 Nc6 12. Rd1 Nxd4 13. exd4 f5 14. Be5 Bxe5 15. dxe5 Qxd2+ 16. Rxd2 Be6 17. Be2 Rc8 18. b3 Rc5 19. Bh5+ Kf8 20. Ke2 Kg7 21. Rhd1 Rxe5 22. Rd8 Rxd8 23. Rxd8 b5 24. cxb5 Rxb5 25. Rd2 Rc5 26. Ke3 Kf6 27. f4 gxf4+ 28. Kxf4 Rc3 29. Be2 Bxb3 30. Bd3 Rxd3 31. Rxd3 exd3 0-1

[Event "SE-2012-0-00115"]
[Site "LSS email"]
[Date "2012.08.11"]
[Round "?"]
[White "Borodin, Sergey Viktorovich"]
[Black "Cusu, Larth"]
[Result "1/2-1/2"]
[WhiteElo "1382"]
[BlackElo "1398"]
[PlyCount "58"]
[EventDate "2012.07.02"]
[EventType "tourn (corr)"]
[EventRounds "6"]
[EventCountry "GER"]
[SourceTitle "Telechess CBM 165"]
[Source "ChessBase"]
[SourceDate "2015.03.11"]
[SourceVersion "1"]
[SourceVersionDate "2015.03.11"]
[SourceQuality "1"]

1. e4 e5 2. Nf3 Nc6 3. Bb5 a6 4. Ba4 Nf6 5. 0-0 Nxe4 6. d4 b5 7. Bb3 d5 8. dxe5 Be6 9. c3 Nc5 10. Bc2 Bg4 11. Nbd2 Be7 12. Re1 Qd7 13. h3 Bh5 14. Nb3 Ne6 15. Qe2 a5 16. Bd3 a4 17. Nbd2 b4 18. Bb5 0-0 19. c4 Ra5 20. cxd5 Qxd5 21. Bc4 Ncd4 22. Qd3 Nxf3+ 23. Nxf3 Qxd3 24. Bxd3 Bxf3 25. gxf3 Rd8 26. Bc2 Bg5 27. Bxg5 Nxg5 28. Kg2 Ne6 29. Rad1 Rxd1 1/2-1/2

[Event "SE-2012-0-00115"]
[Site "LSS email"]
[Date "2012.08.11"]
[Round "?"]
[White "Shim Ng Min, Francis"]
[Black "Cusu, Larth"]
[Result "0-1"]
[WhiteElo "861"]
[BlackElo "1398"]
[PlyCount "76"]
[EventDate "2012.07.02"]
[EventType "tourn (corr)"]
[EventRounds "6"]
[EventCountry "GER"]
[SourceTitle "Telechess CBM 165"]
[Source "ChessBase"]
[SourceDate "2015.03.11"]
[SourceVersion "1"]
[SourceVersionDate "2015.03.11"]
[SourceQuality "1"]

1. e4 e5 2. Nf3 Nc6 3. Bc4 Nf6 4. d3 h6 5. Nc3 Bc5 6. h3 d6 7. Qe2 0-0 8. Be3 Bb6 9. a3 Nd4 10. Bxd4 Bxd4 11. Nxd4 exd4 12. Nd5 Be6 13. Nxf6+ Qxf6 14. Bxe6 fxe6 15. 0-0 Qf4 16. Rad1 Rf7 17. Qd2 Raf8 18. Qxf4 Rxf4 19. f3 g5 20. Rc1 c5 21. c4 dxc3 22. Rxc3 e5 23. b4 b6 24. Rfc1 h5 25. R3c2 g4 26. hxg4 hxg4 27. fxg4 Kg7 28. Re2 Kg6 29. bxc5 dxc5 30. a4 Kg5 31. a5 Kxg4 32. axb6 axb6 33. Rb2 R4f6 34. Rcb1 Rd8 35. Rxb6 Rxb6 36. Rxb6 Rxd3 37. Rb5 Rc3 38. Rb1 Kf4 0-1

[Event "SF-2012-0-00136"]
[Site "LSS email"]
[Date "2012.02.21"]
[Round "?"]
[White "Feng, Jason"]
[Black "Cusu, Larth"]
[Result "0-1"]
[WhiteElo "875"]
[BlackElo "1258"]
[PlyCount "36"]
[EventDate "2012.01.27"]
[EventType "tourn (corr)"]
[EventRounds "6"]
[EventCountry "GER"]
[SourceTitle "Corr 2015"]
[Source "ChessBase"]
[SourceDate "2015.07.17"]
[SourceVersion "1"]
[SourceVersionDate "2015.07.17"]
[SourceQuality "1"]

1. e4 e5 2. f4 exf4 3. Nf3 g5 4. Bc4 Bg7 5. h4 h6 6. hxg5 hxg5 7. Rxh8 Bxh8 8. d4 g4 9. Ne5 Qh4+ 10. Ke2 Bxe5 11. dxe5 f3+ 12. gxf3 gxf3+ 13. Kd3 Nc6 14. Ke3 Nxe5 15. Bb3 Qh6+ 16. Kd4 Qb6+ 17. Kxe5 Qf6+ 18. Kd5 Qd6+ 0-1

[Event "OP-2012-0-02068"]
[Site "LSS email"]
[Date "2012.02.16"]
[Round "?"]
[White "Brichuk, Viktor"]
[Black "Cusu, Larth"]
[Result "0-1"]
[WhiteElo "1800"]
[BlackElo "1258"]
[PlyCount "50"]
[EventDate "2012.02.13"]
[EventType "tourn (corr)"]
[EventRounds "4"]
[EventCountry "GER"]
[SourceTitle "Corr 2015"]
[Source "ChessBase"]
[SourceDate "2015.07.17"]
[SourceVersion "1"]
[SourceVersionDate "2015.07.17"]
[SourceQuality "1"]

1. c4 Nf6 2. Nc3 g6 3. d4 d5 4. Nf3 Bg7 5. e3 0-0 6. Bd3 c5 7. dxc5 dxc4 8. Bxc4 Qxd1+ 9. Nxd1 Ne4 10. 0-0 Nxc5 11. Nd4 Rd8 12. f3 Nbd7 13. Nf2 Nb6 14. Nb3 Nca4 15. Be2 Nxb2 16. Rb1 N2a4 17. Bd2 Be6 18. Ba5 Rdc8 19. Bxb6 axb6 20. Ne4 Nc3 21. Nxc3 Rxc3 22. Nd4 Rxe3 23. Nxe6 Rxe2 24. Nxg7 Raxa2 25. Rfe1 Rxg2+ 0-1

[Event "CP-2011-P-00003"]
[Site "LSS email"]
[Date "2011.09.30"]
[Round "?"]
[White "Cusu, Larth"]
[Black "Bujdak, Pavol"]
[Result "0-1"]
[WhiteElo "1258"]
[BlackElo "1678"]
[PlyCount "44"]
[EventDate "2011.10.01"]
[EventType "tourn (corr)"]
[EventRounds "6"]
[EventCountry "GER"]
[SourceTitle "Telechess CBM 153"]
[Source "ChessBase"]
[SourceDate "2013.03.14"]
[SourceVersion "1"]
[SourceVersionDate "2013.03.14"]
[SourceQuality "1"]

1. e4 d5 2. exd5 Qxd5 3. Nc3 Qa5 4. d4 Nf6 5. Nf3 Bg4 6. h3 Bh5 7. Bd2 c6 8. g4 Bg6 9. Ne5 Qb6 10. Bc1 e6 11. Nxg6 hxg6 12. Bg2 Nbd7 13. 0-0 0-0-0 14. Ne2 Qc7 15. c4 Nxg4 16. f4 Nh6 17. a3 Nb6 18. Qc2 c5 19. dxc5 Bxc5+ 20. Kh1 Ng4 21. b4 Rxh3+ 22. Bxh3 Qc6+ 0-1

[Event "BI-2011-P-00016"]
[Site "LSS email"]
[Date "2011.04.17"]
[Round "?"]
[White "Cusu, Larth"]
[Black "Cvak, Rudolf"]
[Result "0-1"]
[WhiteElo "1135"]
[BlackElo "1917"]
[PlyCount "80"]
[EventDate "2011.04.20"]
[EventType "tourn (corr)"]
[EventRounds "10"]
[EventCountry "GER"]
[SourceTitle "Telechess CBM 149"]
[Source "ChessBase"]
[SourceDate "2012.07.17"]
[SourceVersion "1"]
[SourceVersionDate "2012.07.17"]
[SourceQuality "1"]

1. e4 c5 2. Nf3 d6 3. Bb5+ Nd7 4. c3 Ngf6 5. Qe2 a6 6. Ba4 b5 7. Bc2 Bb7 8. 0-0 e6 9. d4 Be7 10. Nbd2 Qc7 11. a4 cxd4 12. Nxd4 b4 13. c4 0-0 14. b3 g6 15. Bb2 e5 16. N4f3 Nc5 17. Ng5 Nh5 18. Nh3 Bc8 19. g4 Nf6 20. f3 a5 21. Nf2 Ne6 22. Nd3 Bb7 23. Rac1 Rae8 24. f4 exf4 25. Nxf4 Nxf4 26. Rxf4 Nd7 27. Rcf1 Bg5 28. R4f3 Qc5+ 29. Kh1 d5 30. e5 Nxe5 31. Bxe5 Bxd2 32. Qxd2 Rxe5 33. h4 dxc4 34. Kh2 Bxf3 35. Rxf3 Qe7 36. Kg3 Rd8 37. Qf4 Re2 38. Rf2 Rxf2 39. Qxf2 cxb3 40. Bb1 Qe5+ 0-1

[Event "BI-2011-P-00016"]
[Site "LSS email"]
[Date "2011.04.17"]
[Round "?"]
[White "Cusu, Larth"]
[Black "Feng, Jason"]
[Result "1-0"]
[WhiteElo "1135"]
[BlackElo "939"]
[PlyCount "75"]
[EventDate "2011.04.20"]
[EventType "tourn (corr)"]
[EventRounds "10"]
[EventCountry "GER"]
[SourceTitle "Telechess CBM 149"]
[Source "ChessBase"]
[SourceDate "2012.07.17"]
[SourceVersion "1"]
[SourceVersionDate "2012.07.17"]
[SourceQuality "1"]

1. e4 e5 2. Nf3 Nc6 3. Bb5 a6 4. Ba4 Nf6 5. 0-0 b5 6. Bb3 Bc5 7. a4 Bb7 8. c3 0-0 9. d4 exd4 10. cxd4 Bb6 11. e5 Ne8 12. Bg5 Ne7 13. Nc3 h6 14. Bh4 d6 15. Nd5 Bxd5 16. Bxd5 Rb8 17. Bc6 g5 18. Bxg5 hxg5 19. Nxg5 Nxc6 20. Qh5 Qxg5 21. Qxg5+ Ng7 22. exd6 Nxd4 23. dxc7 Bxc7 24. axb5 Rxb5 25. Qd2 Nde6 26. Rxa6 Rd8 27. Qc2 Rbd5 28. b4 Rd2 29. Qb1 Nf4 30. g3 Ne2+ 31. Kg2 Nc3 32. Qc1 Be5 33. Rc6 Rd1 34. Rxd1 Rxd1 35. Rc8+ Kh7 36. Qc2+ f5 37. Rxc3 Bxc3 38. Qxc3 1-0

[Event "BI-2011-P-00016"]
[Site "LSS email"]
[Date "2011.04.17"]
[Round "?"]
[White "Cusu, Larth"]
[Black "Gesicki, Jacek"]
[Result "0-1"]
[WhiteElo "1532"]
[BlackElo "2282"]
[PlyCount "62"]
[EventDate "2011.04.20"]
[EventType "tourn (corr)"]
[EventRounds "10"]
[EventCountry "GER"]
[SourceTitle "Corr 2022"]
[Source "ChessBase"]
[SourceDate "2021.10.24"]
[SourceVersion "1"]
[SourceVersionDate "2021.10.24"]
[SourceQuality "1"]

1. e4 c5 2. Nf3 d6 3. Bb5+ Nc6 4. 0-0 Bd7 5. Re1 Nf6 6. c3 a6 7. Bf1 Bg4 8. d3 e6 9. Nbd2 Be7 10. h3 Bh5 11. g4 Bg6 12. Nh4 Nd7 13. Nxg6 hxg6 14. f4 Qc7 15. Nf3 0-0-0 16. Be3 f5 17. exf5 gxf5 18. g5 e5 19. Bg2 Kb8 20. Qd2 Nf8 21. b4 e4 22. dxe4 fxe4 23. Nh2 d5 24. bxc5 Na5 25. Qf2 Nc4 26. Bd4 Ne6 27. Bxe4 Nxf4 28. Bf5 Nxh3+ 29. Bxh3 Rxh3 30. Rxe7 Qxe7 31. Qf4+ Ka8 0-1

[Event "OP-2011-0-01477"]
[Site "LSS email"]
[Date "2011.04.05"]
[Round "?"]
[White "Slavin, Pablo"]
[Black "Cusu, Larth"]
[Result "0-1"]
[WhiteElo "1028"]
[BlackElo "1030"]
[PlyCount "108"]
[EventDate "2011.04.01"]
[EventType "tourn (corr)"]
[EventRounds "4"]
[EventCountry "GER"]
[SourceTitle "Telechess CBM 147"]
[Source "ChessBase"]
[SourceDate "2012.03.16"]
[SourceVersion "1"]
[SourceVersionDate "2012.03.16"]
[SourceQuality "1"]

1. e4 e5 2. f4 exf4 3. Nf3 g5 4. h4 g4 5. Ne5 d6 6. Nxg4 Be7 7. d4 Bxh4+ 8. Nf2 Qg5 9. Qf3 Bg3 10. Nc3 Nf6 11. Bd2 Nc6 12. Bb5 Bd7 13. Bxc6 Bxc6 14. d5 Bd7 15. 0-0-0 Bxf2 16. Qxf2 Ng4 17. Qf3 Ne5 18. Qxf4 Qxf4 19. Bxf4 0-0-0 20. Rdf1 f6 21. Rh6 Ng4 22. Rh4 Rdf8 23. Rfh1 Rf7 24. g3 a6 25. Kd2 Nf2 26. R1h2 Ng4 27. Rh1 Nf2 28. Rf1 Ng4 29. Ne2 Kd8 30. Nd4 h5 31. Rfh1 Rfh7 32. Ke2 Ke7 33. c4 Ne5 34. Bxe5 fxe5 35. Nf5+ Bxf5 36. exf5 Kf6 37. g4 Kg5 38. Ke3 Rh6 39. gxh5 Rxh5 40. Rxh5+ Rxh5 41. Rf1 Kf6 42. Ke4 Rh2 43. Rb1 Rh4+ 44. Kd3 Kxf5 45. b4 Rh3+ 46. Ke2 Rc3 47. b5 Rxc4 48. bxa6 bxa6 49. Rd1 Ke4 50. Rd2 Rd4 51. Rc2 Kxd5 52. Rxc7 Ra4 53. Rc2 Ke4 54. Rb2 d5 0-1

[Event "RN-2011-0-00366"]
[Site "LSS email"]
[Date "2011.04.02"]
[Round "?"]
[White "Csoma, Balint"]
[Black "Cusu, Larth"]
[Result "0-1"]
[WhiteElo "960"]
[BlackElo "1026"]
[PlyCount "52"]
[EventDate "2011.03.22"]
[EventType "tourn (corr)"]
[EventRounds "6"]
[EventCountry "GER"]
[SourceTitle "Telechess CBM 147"]
[Source "ChessBase"]
[SourceDate "2012.03.16"]
[SourceVersion "1"]
[SourceVersionDate "2012.03.16"]
[SourceQuality "1"]

1. Nf3 Nf6 2. c4 g6 3. Nc3 Bg7 4. g3 0-0 5. Bg2 d6 6. 0-0 e5 7. d3 Nc6 8. a3 a5 9. Qc2 h6 10. e4 Bg4 11. Be3 Qd7 12. Nd2 Bh3 13. Rab1 Bxg2 14. Kxg2 Ng4 15. Nd1 f5 16. h3 Nxe3+ 17. Nxe3 Nd4 18. Qd1 f4 19. Nd5 Rf7 20. g4 f3+ 21. Kh2 Raf8 22. Nb3 Ne2 23. Nxa5 c6 24. Nc3 Qd8 25. Nb3 Qh4 26. Qe1 Nf4 0-1

[Event "RN-2011-0-00366"]
[Site "LSS email"]
[Date "2011.04.02"]
[Round "?"]
[White "Cusu, Larth"]
[Black "Vontina, Maria"]
[Result "1-0"]
[WhiteElo "1026"]
[BlackElo "758"]
[PlyCount "57"]
[EventDate "2011.03.22"]
[EventType "tourn (corr)"]
[EventRounds "6"]
[EventCountry "GER"]
[SourceTitle "Telechess CBM 147"]
[Source "ChessBase"]
[SourceDate "2012.03.16"]
[SourceVersion "1"]
[SourceVersionDate "2012.03.16"]
[SourceQuality "1"]

1. e4 e6 2. d4 d5 3. Nc3 Bb4 4. e5 c5 5. a3 Bxc3+ 6. bxc3 Nc6 7. a4 Nge7 8. Nf3 Qa5 9. Bd2 c4 10. g3 Ng6 11. Bh3 0-0 12. 0-0 Qd8 13. Qe2 Bd7 14. Ne1 Qe7 15. f4 f5 16. exf6 Qxf6 17. Rb1 b6 18. Nf3 Nce7 19. Ng5 Rfe8 20. Bxe6+ Bxe6 21. Qxe6+ Qxe6 22. Nxe6 Rab8 23. f5 Nf8 24. Rbe1 Nxf5 25. Rxf5 Rxe6 26. Rxf8+ Rxf8 27. Rxe6 Kf7 28. Rd6 Ke7 29. Rxd5 1-0

[Event "OP-2011-0-01416"]
[Site "LSS email"]
[Date "2011.02.22"]
[Round "?"]
[White "Cusu, Larth"]
[Black "Ducharme, Steven"]
[Result "1-0"]
[WhiteElo "1026"]
[BlackElo "828"]
[PlyCount "35"]
[EventDate "2011.02.19"]
[EventType "tourn (corr)"]
[EventRounds "4"]
[EventCountry "GER"]
[SourceTitle "Telechess CBM 147"]
[Source "ChessBase"]
[SourceDate "2012.03.16"]
[SourceVersion "1"]
[SourceVersionDate "2012.03.16"]
[SourceQuality "1"]

1. e4 Nf6 2. e5 Nd5 3. c4 Nb6 4. c5 Nd5 5. Bc4 e6 6. Nc3 Nxc3 7. bxc3 Bxc5 8. d4 Be7 9. Qg4 Kf8 10. Ne2 h5 11. Qf3 g5 12. h3 d6 13. d5 Kg7 14. exd6 Qxd6 15. Be3 exd5 16. Bxd5 Qf6 17. Bxb7 Qxc3+ 18. Nxc3 1-0

[Event "OP-2011-0-01416"]
[Site "LSS email"]
[Date "2011.02.22"]
[Round "?"]
[White "Venturas, Bob"]
[Black "Cusu, Larth"]
[Result "0-1"]
[WhiteElo "646"]
[BlackElo "1026"]
[PlyCount "70"]
[EventDate "2011.02.19"]
[EventType "tourn (corr)"]
[EventRounds "4"]
[EventCountry "GER"]
[SourceTitle "Telechess CBM 147"]
[Source "ChessBase"]
[SourceDate "2012.03.16"]
[SourceVersion "1"]
[SourceVersionDate "2012.03.16"]
[SourceQuality "1"]

1. e4 e5 2. a3 Nf6 3. Nc3 Nc6 4. Nf3 g6 5. Bc4 Bg7 6. Nd5 d6 7. h3 0-0 8. 0-0 Nxe4 9. d3 Na5 10. Ba2 Nf6 11. Bg5 Be6 12. Bxf6 Bxf6 13. Nxf6+ Qxf6 14. Bb1 Nc6 15. c3 Rad8 16. Nd2 d5 17. Nf3 Rfe8 18. Bc2 d4 19. c4 e4 20. dxe4 Bxc4 21. Re1 Ne5 22. Nxe5 Rxe5 23. b3 Ba6 24. Bd3 Bxd3 25. Qxd3 c5 26. Rf1 Qc6 27. f4 Rxe4 28. f5 Re3 29. Qc4 b5 30. Qc2 d3 31. Qf2 Re2 32. Qg3 c4 33. bxc4 bxc4 34. f6 c3 35. Rad1 d2 0-1

[Event "CP-2010-P-00050"]
[Site "LSS email"]
[Date "2010.09.28"]
[Round "?"]
[White "Cusu, Larth"]
[Black "Kepinski, Janusz"]
[Result "1-0"]
[WhiteElo "1131"]
[BlackElo "1295"]
[PlyCount "33"]
[EventDate "2010.10.01"]
[EventType "tourn (corr)"]
[EventRounds "6"]
[EventCountry "GER"]
[SourceTitle "Corr 2015"]
[Source "ChessBase"]
[SourceDate "2015.07.17"]
[SourceVersion "1"]
[SourceVersionDate "2015.07.17"]
[SourceQuality "1"]

1. e4 e6 2. d4 d5 3. Nc3 Nf6 4. Bg5 dxe4 5. Nxe4 Be7 6. Bxf6 gxf6 7. Nf3 b6 8. Bc4 Bb7 9. Qe2 c6 10. 0-0-0 Nd7 11. Rhe1 Qc7 12. Kb1 f5 13. Neg5 Bxg5 14. Nxg5 0-0-0 15. Nxf7 Rhg8 16. Nxd8 Kxd8 17. Qxe6 1-0

[Event "CP-2010-P-00050"]
[Site "LSS email"]
[Date "2010.09.28"]
[Round "?"]
[White "Cusu, Larth"]
[Black "Van Tricht, Marcel"]
[Result "0-1"]
[WhiteElo "1131"]
[BlackElo "2202"]
[PlyCount "66"]
[EventDate "2010.10.01"]
[EventType "tourn (corr)"]
[EventRounds "6"]
[EventCountry "GER"]
[SourceTitle "Telechess CBM 151"]
[Source "ChessBase"]
[SourceDate "2012.11.13"]
[SourceVersion "1"]
[SourceVersionDate "2012.11.13"]
[SourceQuality "1"]

1. e4 c5 2. Nf3 d6 3. d4 cxd4 4. Nxd4 Nf6 5. Nc3 a6 6. Be2 e5 7. Nb3 Be7 8. 0-0 0-0 9. Kh1 Nc6 10. f3 Nh5 11. Nd5 Bh4 12. g4 Nf6 13. Be3 Nxd5 14. Qxd5 Be6 15. Qd2 Qc7 16. Rad1 Rfd8 17. Bg5 Bxg5 18. Qxg5 Nb4 19. h4 Qxc2 20. Rd2 Qc7 21. h5 h6 22. Qe3 Nxa2 23. Bd1 Qe7 24. f4 Nb4 25. f5 Bc4 26. Rg1 d5 27. g5 hxg5 28. Rxg5 dxe4 29. Bg4 Rxd2 30. Nxd2 Nc2 31. Nxe4 Nxe3 32. f6 Qb4 33. Rxg7+ Kh8 0-1

[Event "OP-2010-0-01137"]
[Site "LSS email"]
[Date "2010.04.26"]
[Round "?"]
[White "Cusu, Larth"]
[Black "Schloegl, Dietrich"]
[Result "0-1"]
[WhiteElo "926"]
[BlackElo "1749"]
[PlyCount "42"]
[EventDate "2010.04.11"]
[EventType "tourn (corr)"]
[EventRounds "4"]
[EventCountry "GER"]
[SourceTitle "Telechess CBM 147"]
[Source "ChessBase"]
[SourceDate "2012.03.16"]
[SourceVersion "1"]
[SourceVersionDate "2012.03.16"]
[SourceQuality "1"]

1. e4 Nf6 2. e5 Nd5 3. c4 Nb6 4. c5 Nd5 5. Bc4 e6 6. Nc3 Nxc3 7. dxc3 Nc6 8. Bf4 Qh4 9. g3 Qe7 10. Nf3 Qxc5 11. Qe2 d5 12. exd6 Bxd6 13. Bxd6 cxd6 14. 0-0 0-0 15. Bb3 b6 16. Rad1 Bb7 17. Bxe6 Rae8 18. Bxf7+ Kxf7 19. Qd3 Kg8 20. Nh4 Ne5 21. Qxd6 Qb5 0-1

[Event "OP-2010-0-01138"]
[Site "LSS email"]
[Date "2010.04.16"]
[Round "?"]
[White "Cusu, Larth"]
[Black "Pavlicu, Sorin"]
[Result "0-1"]
[WhiteElo "926"]
[BlackElo "1200"]
[PlyCount "46"]
[EventDate "2010.04.11"]
[EventType "tourn (corr)"]
[EventRounds "4"]
[EventCountry "GER"]
[SourceTitle "Telechess CBM 147"]
[Source "ChessBase"]
[SourceDate "2012.03.16"]
[SourceVersion "1"]
[SourceVersionDate "2012.03.16"]
[SourceQuality "1"]

1. e4 c6 2. d4 g6 3. Nc3 d6 4. a4 Bg7 5. Nf3 Nf6 6. h3 Qa5 7. Bd3 Nbd7 8. Be3 e5 9. 0-0 0-0 10. Qd2 exd4 11. Nxd4 Nc5 12. f4 Qb4 13. Rfb1 Re8 14. Qf2 Ncxe4 15. Nxe4 Nxe4 16. Qe1 Qxe1+ 17. Rxe1 Nc5 18. Bf2 Rxe1+ 19. Bxe1 Bxd4+ 20. Kf1 Bxb2 21. Ra2 Bc1 22. f5 Nxd3 23. cxd3 Bxf5 0-1

[Event "OP-2010-0-01137"]
[Site "LSS email"]
[Date "2010.04.16"]
[Round "?"]
[White "Kolomytchenko, Igor Aleksandrovich"]
[Black "Cusu, Larth"]
[Result "0-1"]
[WhiteElo "2156"]
[BlackElo "926"]
[PlyCount "28"]
[EventDate "2010.04.11"]
[EventType "tourn (corr)"]
[EventRounds "4"]
[EventCountry "GER"]
[SourceTitle "Corr 2013"]
[Source "ChessBase"]
[SourceDate "2012.11.12"]
[SourceVersion "1"]
[SourceVersionDate "2012.11.12"]
[SourceQuality "1"]

1. e4 e5 2. Nf3 Nc6 3. Bb5 a6 4. Ba4 Nf6 5. 0-0 Nxe4 6. d4 b5 7. Bb3 d5 8. dxe5 Be6 9. Nbd2 Nc5 10. c3 Nxb3 11. Nxb3 Be7 12. Re1 Qd7 13. Nbd4 Nd8 14. Nxe6 Nxe6 0-1

[Event "OP-2010-0-01137"]
[Site "LSS email"]
[Date "2010.04.15"]
[Round "?"]
[White "Cusu, Larth"]
[Black "Loktayev, Vladislav"]
[Result "1/2-1/2"]
[WhiteElo "800"]
[BlackElo "1204"]
[PlyCount "58"]
[EventDate "2010.04.11"]
[EventType "tourn (corr)"]
[EventRounds "4"]
[EventCountry "GER"]
[SourceTitle "Telechess CBM 141"]
[Source "ChessBase"]
[SourceDate "2011.03.17"]
[SourceVersion "1"]
[SourceVersionDate "2011.03.17"]
[SourceQuality "1"]

1. e4 c5 2. Nf3 a6 3. d4 cxd4 4. Nxd4 Nf6 5. f3 d6 6. Nc3 e5 7. Nb3 Be7 8. Be3 Be6 9. Be2 0-0 10. Qd2 Nbd7 11. g4 Nc5 12. 0-0-0 Nxb3+ 13. axb3 b5 14. h4 b4 15. Na4 Nd7 16. g5 Nc5 17. Nxc5 dxc5 18. Qxd8 Rfxd8 19. Rxd8+ Rxd8 20. Rd1 Rxd1+ 21. Kxd1 a5 22. Kd2 Kf8 23. Bb5 Bd6 24. Kd3 Bh3 25. Ke2 Ke7 26. Bc4 Bd7 27. Bd5 a4 28. bxa4 Bxa4 29. b3 Bb5+ 1/2-1/2